| 000 | 00711nam a2200217Ii 4500 | ||
|---|---|---|---|
| 003 | JO-AjNU | ||
| 008 | 230605s9999||||xx |||||||||||||| ||und|| | ||
| 017 | _a2022/1/289 | ||
| 020 | _a978-9923-43-086-6 | ||
| 040 |
_aJO-AjNU _bara _erda _cJO-AjNU |
||
| 041 | _aara | ||
| 050 | 1 | 4 | _aQA76.9.2022 |
| 100 | 3 |
_aالحديدي، ايمن احمد, _eauthor _963410 |
|
| 245 | 0 | 0 | _aالامن السيبراني في ظل الانفجار المعرفي |
| 250 | _aط1 | ||
| 300 | _a282ص | ||
| 336 |
_atext _btxt _2rdacontent |
||
| 337 |
_aunmediated _bn _2rdamedia |
||
| 338 |
_avolume _bnc _2rdacarrier |
||
| 650 | 4 |
_aالامن السيبراني-امن المعلومات-تطبيقات الحاسوب _963411 |
|
| 999 |
_aA28762 _c32330 _d32330 |
||